000 00462nam a22002057a 4500
001 21588
005 20260319103454.0
008 260319b |||||||| |||| 00| 0 spa d
041 _aESP
082 _a720
_bC24I
100 _aCampo Baeza, Alberto
245 _aLa idea construĂ­da
260 _a :
_b ,
_c2009
300 _a110 páginas :
_b ;
_c20 cm.
440 _a ;
650 _aFIP
654 _aCHU
700 _a;
942 _cLIB
_dJUS
_fJUS
_n0
_2ddc
999 _c21588
_d21588